|
|
|
|
| LEADER |
00000cam a2200000 c 4500 |
| 001 |
266658288 |
| 003 |
DE-627 |
| 005 |
20251222211743.0 |
| 007 |
tu |
| 008 |
990326s1999 xxu||||| 00| ||eng c |
| 010 |
|
|
|a 99025382
|
| 020 |
|
|
|a 0812932641
|9 0-8129-3264-1
|
| 035 |
|
|
|a (DE-627)266658288
|
| 035 |
|
|
|a (DE-576)078091152
|
| 035 |
|
|
|a (DE-599)GBV266658288
|
| 035 |
|
|
|a (OCoLC)237372404
|
| 035 |
|
|
|a (OCoLC)59439583
|
| 040 |
|
|
|a DE-627
|b ger
|c DE-627
|e rakwb
|
| 041 |
|
|
|a eng
|
| 044 |
|
|
|c XD-US
|
| 050 |
|
0 |
|a KF5076.C57
|
| 050 |
|
0 |
|a KF5076.C57A2 1999b
|
| 082 |
0 |
|
|a 342.73062
|
| 082 |
0 |
|
|a 342.73/062
|
| 084 |
|
|
|a 7,26
|2 ssgn
|
| 084 |
|
|
|a 15.87
|2 bkl
|
| 245 |
0 |
4 |
|a The impeachment and trial of President Clinton
|b the official transcripts, from the House Judiciary Committee hearings to the Senate trial
|c Edited by Merrill McLoughlin
|
| 264 |
|
1 |
|a New York
|b Times Books
|c 1999
|
| 300 |
|
|
|a XXII, 490 S
|
| 336 |
|
|
|a Text
|b txt
|2 rdacontent
|
| 337 |
|
|
|a ohne Hilfsmittel zu benutzen
|b n
|2 rdamedia
|
| 338 |
|
|
|a Band
|b nc
|2 rdacarrier
|
| 583 |
1 |
|
|a Archivierung prüfen
|c 20200919
|f DE-640
|z 2
|2 pdager
|
| 583 |
1 |
|
|a Archivierung prüfen
|c 20240324
|f DE-4165
|z 1
|2 pdager
|
| 600 |
1 |
0 |
|a Clinton, Bill
|x Impeachment
|
| 600 |
1 |
0 |
|a Clinton, Bill
|
| 650 |
|
0 |
|a Impeachments
|x United States
|
| 655 |
|
7 |
|a Quelle
|0 (DE-588)4135952-5
|0 (DE-627)105661236
|0 (DE-576)209665084
|2 gnd-content
|
| 700 |
1 |
|
|a MacLoughlin, Merrill
|e Hrsg.
|0 (DE-588)1158535228
|0 (DE-627)1022124579
|0 (DE-576)504195441
|4 edt
|
| 935 |
|
|
|a mkri
|
| 935 |
|
|
|i Blocktest
|
| 936 |
b |
k |
|a 15.87
|j USA
|x Geschichte
|0 (DE-627)181569760
|
| 951 |
|
|
|a BO
|
| ELC |
|
|
|b 1
|
| LOK |
|
|
|0 000 xxxxxcx a22 zn 4500
|
| LOK |
|
|
|0 001 3099254665
|
| LOK |
|
|
|0 003 DE-627
|
| LOK |
|
|
|0 004 266658288
|
| LOK |
|
|
|0 005 20010608000000
|
| LOK |
|
|
|0 008 990617||||||||||||||||ger|||||||
|
| LOK |
|
|
|0 040
|a DE-Frei85
|c DE-627
|d DE-Frei85
|
| LOK |
|
|
|0 852
|a DE-Frei85
|
| LOK |
|
|
|0 852 1
|m p
|9 00
|
| LOK |
|
|
|0 938
|k p
|
| LOK |
|
|
|0 939
|a 17-06-99
|b l01
|
| ORI |
|
|
|a SA-MARC-krimdoka001.raw
|